| 000 | 00560 a2200217 4500 | ||
|---|---|---|---|
| 005 | 20260116155758.0 | ||
| 008 | 260114b |||||||| |||| 00| 0 eng d | ||
| 020 |
_a9781394211302 _c$ 111.95 |
||
| 040 | _aMAIN | ||
| 082 |
_a613 _bG459H(6) |
||
| 100 | _aGlanz, Karen, ed. | ||
| 245 | _aHealth behavior: Theory, research, and practice | ||
| 250 | _a6th | ||
| 260 |
_bJohn Wiley _aHoboken _c2024 |
||
| 300 | _axix, 316 | ||
| 650 | _aPublic Health | ||
| 650 | _aHealth Behavior | ||
| 700 | _aRimer, Barbara K | ||
| 700 | _aViswanath, K | ||
| 942 | _cBK | ||
| 999 |
_c393240 _d393240 |
||